Amber Brown is green with envy / (Record no. 2142)

MARC details
000 -LEADER
fixed length control field 01364cam a2200385 a 4500
001 - CONTROL NUMBER
control field 2142
003 - CONTROL NUMBER IDENTIFIER
control field FISKH
005 - DATE AND TIME OF LATEST TRANSACTION
control field 20231110095646.0
008 - FIXED-LENGTH DATA ELEMENTS--GENERAL INFORMATION
fixed length control field 030108s2003 nyua c 000 1 eng
010 ## - LIBRARY OF CONGRESS CONTROL NUMBER
LC control number 2003000127
020 ## - INTERNATIONAL STANDARD BOOK NUMBER
International Standard Book Number 0399231811
020 ## - INTERNATIONAL STANDARD BOOK NUMBER
International Standard Book Number 9780439071710
040 ## - CATALOGING SOURCE
Original cataloging agency DLC
Transcribing agency DLC
Modifying agency DLC
Language of cataloging eng
042 ## - AUTHENTICATION CODE
Authentication code lcac
050 00 - LIBRARY OF CONGRESS CALL NUMBER
Classification number PZ7.D2394
Item number Ip 2003
082 00 - DEWEY DECIMAL CLASSIFICATION NUMBER
Classification number 813.54
Edition number 21
100 1# - MAIN ENTRY--PERSONAL NAME
Personal name Danziger, Paula,
Dates associated with a name 1944-2004.
245 10 - TITLE STATEMENT
Title Amber Brown is green with envy /
Statement of responsibility, etc. Paula Danziger ; illustrated by Tony Ross.
250 ## - EDITION STATEMENT
Edition statement First Scholastic printing, August 2004
260 ## - PUBLICATION, DISTRIBUTION, ETC.
Place of publication, distribution, etc. New York :
Name of publisher, distributor, etc. Scholastic,
Date of publication, distribution, etc. 2003
300 ## - PHYSICAL DESCRIPTION
Extent 151 pages :
Other physical details illustrations ;
Dimensions 20 cm
505 ## - FORMATTED CONTENTS NOTE
Formatted contents note O<br/>
520 ## - SUMMARY, ETC.
Summary, etc. Fourth-grader Amber Brown must make some important decisions when her mother and Max move their wedding date up and prepare to buy a house together, while her father makes some bad choices of his own.
521 8# - TARGET AUDIENCE NOTE
Target audience note 600<br/>
Source Lexile <br/>
521 8# - TARGET AUDIENCE NOTE
Target audience note O<br/>
Source Raz-Plus<br/>
650 #1 - SUBJECT ADDED ENTRY--TOPICAL TERM
Topical term or geographic name entry element Fathers and daughters
Form subdivision Fiction.
650 #1 - SUBJECT ADDED ENTRY--TOPICAL TERM
Topical term or geographic name entry element Mothers and daughters
Form subdivision Fiction.
650 #1 - SUBJECT ADDED ENTRY--TOPICAL TERM
Topical term or geographic name entry element Divorce
Form subdivision Fiction.
650 #1 - SUBJECT ADDED ENTRY--TOPICAL TERM
Topical term or geographic name entry element Custody of children
Form subdivision Fiction.
650 #1 - SUBJECT ADDED ENTRY--TOPICAL TERM
Topical term or geographic name entry element Moving, Household
Form subdivision Fiction.
650 #1 - SUBJECT ADDED ENTRY--TOPICAL TERM
Topical term or geographic name entry element Family life
Geographic subdivision New Jersey
Form subdivision Fiction.
700 1# - ADDED ENTRY--PERSONAL NAME
Personal name Ross, Tony,
Relator term illustrator
906 ## - LOCAL DATA ELEMENT F, LDF (RLIN)
a 7
b cbc
c orignew
d 1
e ecip
f 20
g y-gencatlg
942 ## - ADDED ENTRY ELEMENTS (KOHA)
Source of classification or shelving scheme Dewey Decimal Classification
Koha item type Books
Suppress in OPAC No
Holdings
Withdrawn status Lost status Source of classification or shelving scheme Damaged status Not for loan Collection Home library Current library Shelving location Date acquired Total Checkouts Full call number Barcode Date due Date last seen Date last checked out Price effective from Koha item type
    Dewey Decimal Classification     Juvenile Fiction Footprints International School Library Network Toul Kork Campus Footprints International School Library Network Toul Kork Campus TK Primary Library Room(4th Floor), Bookcase 3&4, Shelves 17-32, Yellow Books 11/07/2023 2 DAN 813.54 PZ7.D2394 FISTK00569 11/25/2025 11/11/2025 11/11/2025 11/07/2023 Books